Fidel Castro : (Record no. 173517)

MARC details
000 -LEADER
campo de control de longitud fija 00851nam a22002295i 4500
001 - NÚMERO DE CONTROL
campo de control 173517
003 - IDENTIFICADOR DE NÚMERO DE CONTROL
campo de control ES-MaACL
005 - FECHA Y HORA DE LA ÚLTIMA TRANSACCIÓN
campo de control 20250902185950.0
008 - DATOS DE LONGITUD FIJA--INFORMACIÓN GENERAL
campo de control de longitud fija 091203s1970 fr |||| | fre d
080 ## - NÚMERO DE LA CLASIFICACIÓN DECIMAL UNIVERSAL
Número de la Clasificación Decimal Universal 929 Castro, Fidel
080 ## - NÚMERO DE LA CLASIFICACIÓN DECIMAL UNIVERSAL
Número de la Clasificación Decimal Universal 32(729.1)"1959/..."
245 00 - MENCIÓN DEL TÍTULO
Título Fidel Castro :
Resto del título [le romantisme révolutionnaire] /
Mención de responsabilidad, etc. A. Carpentier ... [et al.] ; sous la direction de Gilbert Handache.
260 ## - PUBLICACIÓN, DISTRIBUCIÓN, ETC.
Lugar de publicación, distribución, etc. Paris :
Nombre del editor, distribuidor, etc. Le Nouveau Planète,
Fecha de publicación, distribución, etc. 1970.
300 ## - DESCRIPCIÓN FÍSICA
Extensión 147 p. :
Otras características físicas il. ;
Dimensiones 20 cm.
595 ## -
-- Número de: "Planète-Action", julio 1970.
600 17 - PUNTO DE ACCESO ADICIONAL DE MATERIA--NOMBRE DE PERSONA
Nombre de persona Castro, Fidel,
Fechas asociadas al nombre 1927-2016-
Subdivisión general Biografías
Fuente del encabezamiento o término
9 (RLIN) 137747
651 #4 - PUNTO DE ACCESO ADICIONAL DE MATERIA--NOMBRE GEOGRÁFICO
Nombre geográfico Cuba-
Subdivisión general Política y gobierno-
Subdivisión cronológica 1959-
9 (RLIN) 165118
700 1# - ENTRADA AGREGADA--NOMBRE PERSONAL
Nombre de persona Carpentier, Alejo.
9 (RLIN) 35442
700 1# - ENTRADA AGREGADA--NOMBRE PERSONAL
Nombre de persona Handache, Gilbert.
9 (RLIN) 141724
852 ## - LOCALIZACIÓN
Ubicación ES-MaACL
Número de control de estantería E-13235
Nota libre - Donativo doctor Calles
Holdings
Estatus retirado Estado de pérdida Estado de daño No para préstamo Biblioteca de origen Biblioteca actual Ubicación en estantería Fecha de adquisición Fuente de adquisición Total de préstamos Signatura topográfica completa Código de barras Visto por última vez Precio de reemplazo Tipo de ítem Koha
        Biblioteca del Ateneo de Madrid Biblioteca del Ateneo de Madrid Depósito 2 03/12/2009     E-13235 1182096 23/02/2023 23/02/2023 Libro impreso